Score 0/40 Timer 03:00
3 Plays Today
Clue 3-Letter Word % Correct
Feline animal•CAT•
95.9%
Canine animal•DOG•
94.3%
A doctor for animals•VET•
94.1%
Flying mammal•BAT•
92.8%
A rodent•RAT•
92.8%
HugeBIG
92.8%
A female chicken•HEN•
92.3%
Create a holeDIG
92.2%
Star Wars' '___ Solo'HAN
91.5%
A snakelike fish•EEL•
91.4%
What horses eatHAY
91.1%
Sunk teeth intoBIT
90.7%
Head coveringHAT
90.3%
A female deer•DOE•
89.4%
A tamed animal kept at home•PET•
89.3%
U.S. currency (abbr.)DOL.
86.8%
MLB's Chicago White ___SOX
86.4%
To tap gentlyPAT
85.9%
Gender of an animalSEX
83%
Part of a tennis matchSET
82.2%
Clue 3-Letter Word % Correct
A curseHEX
81.3%
An enemyFOE
81.2%
Porcine animal•HOG•
78.6%
A manta is this animal•RAY•
78.5%
A witchHAG
78.5%
A nocturnal bird•OWL•
77.5%
Salt, in FrenchSEL
77%
Vulpine animal•FOX•
75.2%
Soda containerCAN
75.1%
Piece of metal cookwarePAN
71.4%
Rested on a chairSAT
71%
Be under obligation to pay OWE
69.5%
A large containerVAT
67.9%
WondermentAWE
64.7%
A flightless bird•EMU•
63.1%
Simian animal•APE•
46.9%
Kwik-E-Mart proprietorAPU
44.8%
A tool for making holesAWL
44.1%
Weight of an H atom (abbr.)AMU
41.2%
A large ISPAOL
36.6%

Today's Daily Dose

Remove Ads.
Support Sporcle.
Get the best of Sporcle when you Go Orange. This ad-free experience offers more features, more stats, and more fun while also helping to support Sporcle. Thank you for becoming a member.

You're not logged in!

Compare scores with friends on all Sporcle quizzes.
OR
Log In

Show Comments

Extras

Top Quizzes Today


Score Distribution

Your Account Isn't Verified!

In order to create a playlist on Sporcle, you need to verify the email address you used during registration. Go to your Sporcle Settings to finish the process.

Report this User

Report this user for behavior that violates our Community Guidelines.

Details: